000 00350nam a2200145Ia 4500
008 230312s9999||||xx |||||||||||||| ||und||
020 _a1-61769-083-9
082 _a728.0472
_bKOO-P
100 _aKoones;sheri
245 0 _aPrefabulous world
260 _bvilas
_achina
_c2011
300 _a300
650 _aArchitecture
_vArchitecture
942 _cBK
999 _c12700
_d12700